00773nam a2200121Ia 4500008004100000082001900041100001800060245017900078260003000257365000600287630017900293730017900472100415s9999 xx 000 0 und d b1202a580(548) aTrimen Henry aA hand-book to the flora of Ceylon : containing descriptions of all teh species of flowering plants indigenous to the island and notes on their history, distribution and uses aLONDONc1895bDULAU & CO, b0 aA hand-book to the flora of Ceylon : containing descriptions of all teh species of flowering plants indigenous to the island and notes on their history, distribution and uses aA hand-book to the flora of Ceylon : containing descriptions of all teh species of flowering plants indigenous to the island and notes on their history, distribution and uses